1922 : ο μεγάλος ξεριζωμός : ιστορικό οπτικοακουστικό λεύκωμα

Αποθηκεύτηκε σε:
Λεπτομέρειες βιβλιογραφικής εγγραφής
Άλλοι συγγραφείς: Σινοπούλου, Ελίνα (edtf)
Μορφή: Βιβλίο
Γλώσσα:Greek
English
Δημοσίευση: Αθήνα : Δημοσιογραφικός Οργανισμός Λαμπράκη, c2007.
Θέματα:
Ετικέτες: Προσθήκη ετικέτας
Δεν υπάρχουν, Καταχωρήστε ετικέτα πρώτοι!

MARC

LEADER 00000nam a2200000 a 4500
001 1/127035
008 230717s2007####gr | ||| |||| ||gre||
020 |a 9789606731181 
040 |a GR-MyUa  |b gre  |c GR-MyUa  |e AACR2 
041 1 |a gre  |h eng 
082 7 |a 938.726   |2 (23) 
245 0 0 |a 1922 :   |b ο μεγάλος ξεριζωμός : ιστορικό οπτικοακουστικό λεύκωμα /   |c συντονισμός έκδοσης Ελίνα Σινοπούλου ; μετάφραση: Παυλίνα Μπαλουζή. 
260 |a Αθήνα :   |b Δημοσιογραφικός Οργανισμός Λαμπράκη,   |c c2007. 
300 |a 126 σ. :   |b εικ. ;   |c 28 εκ. +   |e 1 dvd 
505 8 |a Περιέχει ντοκουμέντα εποχής, κειμενα, φωτογραφίες, κινηματογραφικό υλικό. 
650 0 |a Greco-Turkish War, 1921-1922  |x Refugees. 
650 0 |a Population transfers  |x Greeks  |x History  |y 20th century. 
700 1 |a Σινοπούλου, Ελίνα,  |e edtf 
852 |a INST  |b SYROS  |e 20230713  |h 938.726 ΧΙΛ  |p 005500016069  |q 005500016069  |t BK  |y 0 
852 |a INST  |b SYROS  |e 20230713  |h 938.726 ΧΙΛ  |p 005500016070  |q 005500016070  |t BK  |y 0 
970 |a Κοντού  |b Παρασκευή  |z 17/07/2023